000 00346nam a2200121Ia 4500
008 240731s9999 xx 000 0 und d
022 _a2375-2599
245 0 _aNational Association of Early Childhood Teacher Educators Bulletin
260 _bTaylor & Francis
856 _uhttps://www.tandfonline.com/loi/ujec19
942 _2ddc
942 _cTFEJ
999 _c78666
_d78666
945 _a1
_bMadushi Gamage
_c1
_dMadushi Gamage